000 004540000a22001810004500
003 MACL
005 20150814120314.0
008 150814b xxu||||| |||| 00| 0 eng d
040 _aMACL
_cMACL
041 _aEnglish
082 _a415/WAR
100 _aSinklair, Helena
_95522
245 _aEnglish Grammar & Translation
260 _bSaint Joseph Publishing House
_c2008
_aNew Delhi
350 _a275
650 _aGrammer
_95523
942 _cBK
_k415
_2ddc
999 _c8512
_d8512